| 000 | 00933nam a2200289Ia 4500 | ||
|---|---|---|---|
| 003 | OSt | ||
| 005 | 20220928113722.0 | ||
| 006 | a|||||r|||| 00| 0 | ||
| 007 | ta | ||
| 008 | 220927b |||||||| |||| 00| 0 eng d | ||
| 020 | _cUKP 120.00 | ||
| 024 | _a142914 | ||
| 037 |
_b252, 12/03/2020, Classic Book Service _cTextual |
||
| 040 |
_aSDCL _cSDCL _beng |
||
| 041 |
_2eng _aeng |
||
| 082 | _aR5, Q9 | ||
| 100 |
_aShottenkirk Dena Ed. _9434686 |
||
| 245 | 0 | _aPerception, cognition and aesthetics | |
| 260 |
_aNew York _b Routledge _c2019 |
||
| 300 |
_avii,352p. _ccm. |
||
| 490 | _aRoutledge studies in contemporary philosophy | ||
| 650 | _aPhilosophy | ||
| 700 |
_a Curado Manual Ed. _9434687 |
||
| 700 |
_a Gouveia Steven S. Ed. _9434688 |
||
| 942 |
_hR5, Q9 _cTEXL _2CC |
||
| 999 |
_c750983 _d750983 |
||